000
00158nam a22000857a 4500
082
_a
621.18GRE
100
_a
Green
245
_a
Theory of machine
942
_c
BK
999
_c
15357
_d
15357